| 000 | 00505nam a2200205Ia 4500 | ||
|---|---|---|---|
| 005 | 20240731064523.0 | ||
| 008 | 240331s9999 xx 000 0 und d | ||
| 020 | _a0195626516 | ||
| 082 |
_a291.5 _bDAS |
||
| 100 | _aDas.V | ||
| 245 | 0 |
_aStructure and cognition : _baspects of Hindu caste and ritual |
|
| 250 | _a2nd | ||
| 260 |
_aNew Delhi _bOxford University Press _c1992 |
||
| 300 | _axii, 171 p ., | ||
| 650 | _aHinduism | ||
| 650 | _aCaste | ||
| 650 | _aRituals | ||
| 650 | _aSocial | ||
| 942 | _cL | ||
| 999 |
_c863 _d863 |
||